Obálka
Pro půjčování e-knih musíte být přihlášeni.
Jak si půjčit online?

Labyrint bolesti a jak se v něm neztratit /

Uloženo v:
Hlavní autor: Kolář, Pavel, 1963- (Autor)
Další autoři: Fridrich, Vasil, 1976- (Autor), Vrána, Miloš (Vypravěč-komentátor)
Médium: E-audiokniha
Jazyk:Czech
Vydáno: Praha : Voxi, [2025]
Témata:
Tagy:
Žádné tagy
LEADER 03382nim a2200877 i 4500
001 313412
003 CZ PrSKC
005 20260601215742.0
007 sd fungnnmmned
008 250602t20252025xr nnnng z n cze
015 |a cnb003687698 
020 |a 9788074483905 :  |c Kč 399,00 
040 |a ABA001  |b cze  |e rda 
072 7 |a 616  |x Patologie. Klinická medicína  |2 Konspekt 
080 |a 616.8-009.7  |2 MRF 
080 |a 159.9  |2 MRF 
080 |a 616.8-009.7-08  |2 MRF 
080 |a 159.923.2  |2 MRF 
080 |a (0:82-32)  |2 MRF 
080 |a (086.7)08  |2 MRF 
080 |a (086.76)  |2 MRF 
100 1 |a Kolář, Pavel,  |d 1963-  |7 js20051017096  |4 aut 
245 1 0 |a Labyrint bolesti a jak se v něm neztratit /  |c Pavel Kolář 
264 1 |a Praha :  |b Voxi,  |c [2025] 
264 4 |c ©2025 
300 |a 1 audiodisk (6 hod., 59 min.) ;  |c 12 cm 
306 |a 065900 
336 |a mluvené slovo  |b spw  |2 rdacontent 
337 |a audio  |b s  |2 rdamedia 
338 |a audiodisk  |b sd  |2 rdacarrier 
344 |a digital  |b optical  |2 rda 
347 |a audio soubor  |b MP3  |2 rda 
500 |a Název z disku 
500 |a Vydalo nakladatelství Voxi ve společnosti Albatros Media a.s. 
500 |a Podle stejnojmenné knihy vydané nakladatelstvím Vyšehrad v roce 2025 
500 |a Nezkrácená audiokniha ve formátu MP3 
508 |a Režie, Miloš Vrána 
511 0 |a Čte Vasil Fridrich 
518 |o Nahráno  |d 2025  |p studio ArtCrow Production s.r.o. 
650 0 7 |a bolest  |7 ph118958  |2 czenas 
650 0 7 |a bolest  |7 ph118958  |x psychologické aspekty  |2 czenas 
650 0 7 |a terapie bolesti  |7 ph135067  |2 czenas 
650 0 7 |a sebepoznání  |7 ph116116  |2 czenas 
650 0 9 |a pain  |2 eczenas 
650 0 9 |a pain  |x psychological aspects  |2 eczenas 
650 0 9 |a pain therapy  |2 eczenas 
650 0 9 |a self-consciousness  |2 eczenas 
655 7 |a příběhy  |7 fd133204  |2 czenas 
655 7 |a audioknihy  |7 fd119452  |2 czenas 
655 7 |a kompaktní disky  |7 fd201991  |2 czenas 
655 9 |a stories  |2 eczenas 
655 9 |a audiobooks  |2 eczenas 
655 9 |a compact discs  |2 eczenas 
700 1 |a Fridrich, Vasil,  |d 1976-  |7 xx0064341  |4 nrt 
700 1 |a Vrána, Miloš  |7 xx0209201  |4 drt 
900 |a ABA001  |b 19 
928 9 |a Albatros Media 
044 |a xr 
505 0 0 |t 01_UVOD (11 min., 19 sek.) 
505 0 0 |t 02_O BOLESTI A JEJI KOMPLEXNOSTI (20 min., 31 sek.) 
505 0 0 |t 03_BOLEST VE DVOJIM PROVEDENI (45 min., 12 sek.) 
505 0 0 |t 04_BOLEST V MOZKU (26 min., 28 sek.) 
505 0 0 |t 05_CESTA LABYRINTEM BOLESTI (34 min., 44 sek.) 
505 0 0 |t 06_DOMENA 1 (19 min., 3 sek.) 
505 0 0 |t 07_DOMENA 2 (47 min., 4 sek.) 
505 0 0 |t 08_DOMENA 3 (19 min., 4 sek.) 
505 0 0 |t 09_DRAHY BOLESTI A (35 min., 21 sek.) 
505 0 0 |t 10_DRAHY BOLESTI B (33 min., 29 sek.) 
505 0 0 |t 11_DRAHY OCEKAVANI A (37 min., 40 sek.) 
505 0 0 |t 12_DRAHY OCEKAVANI B (27 min., 5 sek.) 
505 0 0 |t 13_DRAHY OCEKAVANI C (21 min., 7 sek.) 
505 0 0 |t 14_BOLEST V CHOVANI (32 min., 23 sek.) 
505 0 0 |t 15_ZAVER (7 min., 56 sek.) 
910 |a RBIT002 
998 |d 418228  |a https://core.palmknihy.cz/api/books/418228/cover?su8pzu  |b https://core.palmknihy.cz/api/books/418228/cover/400?su8pzu  |c https://core.palmknihy.cz/api/books/418228/cover/50?su8pzu  |e 2029-12-31  |i 9788074483905  |l 25140  |q 49  |r 1  |s https://www.palmknihy.cz/kniha/418228  |t audiobook  |y 2025  |z 0 
999 |d 313410